Φορτώνει......

Social thought of Rabindra Nath Tagore /

Λεπτομέρειες βιβλιογραφικής εγγραφής
Κύριος συγγραφέας: Gopal, K.
Μορφή: Printed Book
Γλώσσα:English
Έκδοση: Anu Prakash, 1974.
LEADER 00388nam a2200121Ia 4500
008 150624b xxu||||| |||| 00| 0 eng d
100 |a Gopal, K. 
245 |a Social thought of Rabindra Nath Tagore /  |c K. Gopal 
260 |b Anu Prakash,  |c 1974. 
300 |a 208 p. 
942 |c BK 
999 |c 19122  |d 19122 
952 |0 0  |1 0  |4 0  |7 0  |9 19121  |a UL  |b UL  |c ST2  |d 1998-09-01  |l 1  |p 28929  |r 2014-07-14  |s 2014-06-20  |w 2012-10-27  |y BK